| 000 | 00350nam a2200133Ia 4500 | ||
|---|---|---|---|
| 008 | 240624s9999 xx 000 0 und d | ||
| 041 | _aeng | ||
| 082 | _a657 NOB | ||
| 100 | _aNOBES CHRISTOPHER W | ||
| 245 | _aCURRENT DEBATES IN INTERNATIONAL ACCOUNT | ||
| 260 |
_c2010 _aUK _bEdward Elgar |
||
| 300 | _axv, : 208 : p. : cm. ; 24 | ||
| 365 |
_cGBP _b25 |
||
| 999 |
_c22092 _d22092 |
||